Statistics for State of Georgia Trivia

Click here to take the quiz!

General Stats

  • This quiz has been taken 305 times
  • The average score is 12 of 30

Answer Stats

HintAnswer% Correct
Which former governor of Georgia went on to become President of the United States?Jimmy Carter
96%
Which Georgia college town is famous for producing famous music acts such as R.E.M. and the B-52's?Athens
80%
Which Georgia restaurant chain claims to have invented the Chicken Sandwich?Chick-fil-A
80%
Onions grown near which Georgian city are famed for their distinctly sweet flavor?Vidalia
76%
Which U.S. President built his "Little White House" in the spa resort town of Warm Springs, Georgia?Franklin D. Roosevelt
73%
Which Georgia airport has the distinction of being the world's busiest airport by passenger traffic?Hartsfield–Jackson Atlanta International Airport
64%
Which major airline is based in Atlanta, Georgia?Delta Air Lines
62%
The small railroad town of Terminus would eventually be renamed to what in 1845?Atlanta
60%
Augusta, Georgia is host to what most prestigious golf tournement each April?The Masters
57%
Who invented the Cotton Gin and first demonstrated it In Savannah, Georgia in 1793?Eli Whitney
49%
Which river forms most of the border between the states of Georgia and South Carolina?The Savannah River
40%
Juliette Gordon Low founded which youth organization in Savannah, Georgia in 1912?Girl Scouts of the USA
40%
Which Georgia town is the home of nearly 70% of the carpet manufacturing industry in the United States?Dalton
39%
Which 438,000 acre blackwater swamp straddles the Georgia-Florida border?Okefenokee Swamp
37%
The pirate Edward Teach, who was based out of an island in Georgia, is better known by what nickname?Blackbeard
37%
Which river forms part of the border between Alabama and Georgia and was the subject of an Alan Jackson song?The Chattahoochee River
33%
Which Oscar-winning movie was filmed at Chippewa Square in Savannah, Georgia?Forrest Gump
33%
Several Latin American dictators were trained at the School of Americas housed at which U.S. Army Base located in Georgia?Fort Benning
32%
What British General founded the Colony of Georgia in 1732?James Oglethorpe
29%
It is claimed that four neighboring states can be seen from which mountain, the tallest in Georgia?Brasstown Bald
26%
Which skyscraper gracing the Atlanta skyline is the tallest building in Georgia?Bank of America Plaza
25%
Which island known as a "hideaway resort of the rich" was the location of a 1910 conference which gave birth to The Federal Reserve?Jekyll Island
24%
Which U.S. President visited Augusta, Georgiaover 45 times and had a cabin built at the Augusta National Golf Club?Dwight D. Eisenhower
22%
The largest lake in Georgia is named after which longest-serving South Carolina senator?Strom Thurmond
19%
Which former U.S. President grew up in Augusta, Georgia?Woodrow Wilson
12%
Which U.S. Army base located in Georgia is the home of the U.S. Army Signal Corps?Fort Gordon
12%
Augusta State University and the Medical College of Georgia were consolidated in 2012 to form what University?Georgia Regents University
8%
Which future U.S. President fought in the Battle of Atlanta?Benjamin Harrison
6%
Which Georgia native went on to play one of the major roles in the original series of Star Trek?DeForest Kelley
4%
Which former president was arrested in Irwinville, Georgia?Jefferson Davis
4%

Score Distribution

Percentile by Number Answered

Percent of People with Each Score

Your Score History

You have not taken this quiz